South Eastern Kenya University

Library Online Public Access Catalogue


Mathematics for elementary education (Record no. 10262)

MARC details
000 -LEADER
fixed length control field 00379cam a2200133 4500
020 ## - ISBN
International Standard Book Number 0471209694
050 00 - LIBRARY OF CONGRESS CALL NUMBER
Classification Number QA 107
Item Number .D4
100 1# - MAIN ENTRY--Author
Personal name Devine, Donald F.
245 10 - TITLE
Title Mathematics for elementary education
Statement of responsibility, etc [by] Donald F. Devine [and] Jerome E. Kaufmann.
260 ## - PUBLICATION, DISTRIBUTION, ETC.(IMPRINT)
Place of publication, distribution, etc New York,
Name of publisher, distributor, etc Wiley
Date of publication, distribution, etc [1974]
300 ## - PHYSICAL DESCRIPTION
Extent xviii, 609 p.
700 1# - ADDED ENTRY--PERSONAL AUTHOR
Personal Name Kaufmann, Jerome E.,
942 ## - ADDED ENTRY ELEMENTS(KOHA)
Source of classification or shelving scheme Library of Congress Classification
Koha item type General circulation
Holdings
Source of classification or shelving scheme Not for loan Location (home branch) Sublocation (holding branch) Shelving location Date accessioned Full call number Barcode Nonpublic note Koha item type
Library of Congress Classification   Mtito Andei Centre Library Mtito Andei Centre Library   03/02/2016 QA 107 .D4 2015/009223 JM General circulation
Kitui, Kenya.
+254736116989
library@seku.ac.ke